Big Thief- DNWMIBIY - Statistics

General Stats
  • This quiz has been taken 10 times
  • The average score is 14 of 20
Answer Stats
% Correct
5 Dragon New Warm Mountain I Believe in You
100%
17 Simulation Swarm
100%
9 Flower of Blood
83%
7 Little Things
83%
18 Love Love Love
83%
16 12,000 Lines
67%
20 Blue Lightning
67%
10 Blurred View
67%
1 Change
67%
12 Dried Roses
67%
8 Heavy Bend
67%
15 Promise is a Pendulum
67%
11 Red Moon
67%
6 Sparrow
67%
3 Spud Infinity
67%
19 The Only Place
67%
2 Time Escaping
67%
14 Wake Me up to Drive
67%
4 Certainty
50%
13 No Reason
50%
No matching quizzes found
Score Distribution
Percent of People with Each Score
Percentile by Number Answered
Your Score History
You have not taken this quiz